000 00560nam a2200205Ia 4500
005 20250508152145.0
008 008 250505s9999 xx 000 0 eng d
037 _aTextual
040 _aFEDL
_beng
_cFEDL
041 _aeng
_2eng
084 _a371.71, STA
_qFEDL
100 _aStack Herbert J
_9760904
245 0 _aEducation for safe living
250 _a3rd
260 _aEnglewood Cliffs
_b Prentice-Hall
_c1957
300 _axx,364p.
700 _a Elkow J Duke
_9760905
942 _cTEXL
_h371.71, STA
999 _c1334638
_d1334638